[Event "Cappelle Online Blitz op"]
[Site "Europe Echecs INT"]
[Date "2021.03.07"]
[Round "3"]
[White "Heng, Jim"]
[Black "Roumegous, Adrien"]
[Result "1-0"]
[WhiteElo "1921"]
[BlackElo "1330"]
[PlyCount "57"]
[EventDate "2021.03.07"]
[EventType "swiss (blitz)"]
[EventRounds "11"]
[EventCountry "FRA"]
[SourceTitle "CBM 201 Extra"]
[Source "ChessBase"]
[SourceDate "2021.05.31"]
[SourceVersion "1"]
[SourceVersionDate "2021.05.31"]
[SourceQuality "1"]

1. e4 e5 2. Nf3 Nc6 3. Bb5 a6 4. Ba4 Nf6 5. 0-0 b5 6. Bb3 Be7 7. Re1 d6 8. c3 0-0 9. h3 Na5 10. Bc2 c5 11. d4 cxd4 12. cxd4 exd4 13. Nxd4 Nc4 14. Nc3 Bb7 15. b3 Ne5 16. Bb2 Re8 17. Nf5 d5 18. exd5 Bc5 19. Ne4 Ned7 20. Nxc5 Nxc5 21. d6 Rxe1+ 22. Qxe1 g6 23. Ne7+ Kg7 24. Bxf6+ Kxf6 25. Qc3+ Ke6 26. Qxc5 Rc8 27. Re1+ Kd7 28. Nxc8 Bxc8 29. Re7+ 1-0

[Event "Cappelle Online Blitz op"]
[Site "Europe Echecs INT"]
[Date "2021.03.07"]
[Round "4"]
[White "Roumegous, Adrien"]
[Black "Bidermann, Bertrand"]
[Result "1-0"]
[WhiteElo "1330"]
[BlackElo "1750"]
[PlyCount "53"]
[EventDate "2021.03.07"]
[EventType "swiss (blitz)"]
[EventRounds "11"]
[EventCountry "FRA"]
[SourceTitle "CBM 201 Extra"]
[Source "ChessBase"]
[SourceDate "2021.05.31"]
[SourceVersion "1"]
[SourceVersionDate "2021.05.31"]
[SourceQuality "1"]

1. e4 c5 2. Nf3 d6 3. d4 cxd4 4. Nxd4 Nf6 5. Nc3 a6 6. Be3 e6 7. Be2 Be7 8. Qd2 b5 9. a3 Qc7 10. g4 Bb7 11. f3 Nfd7 12. h4 Nc6 13. g5 Nxd4 14. Bxd4 e5 15. Be3 g6 16. Nd5 Bxd5 17. Qxd5 Rc8 18. c3 0-0 19. 0-0-0 b4 20. axb4 a5 21. h5 axb4 22. hxg6 hxg6 23. Rh6 bxc3 24. b3 c2 25. Rdh1 Bf6 26. gxf6 Nxf6 27. Rxg6# 1-0

[Event "Cappelle Online Blitz op"]
[Site "Europe Echecs INT"]
[Date "2021.03.07"]
[Round "2"]
[White "Roumegous, Adrien"]
[Black "Nandhidhaa, PV."]
[Result "0-1"]
[WhiteElo "1330"]
[BlackElo "2365"]
[PlyCount "63"]
[EventDate "2021.03.07"]
[EventType "swiss (blitz)"]
[EventRounds "11"]
[EventCountry "FRA"]
[SourceTitle "CBM 201 Extra"]
[Source "ChessBase"]
[SourceDate "2021.05.31"]
[SourceVersion "1"]
[SourceVersionDate "2021.05.31"]
[SourceQuality "1"]

1. e4 c5 2. Nf3 Nc6 3. c3 e6 4. d4 cxd4 5. cxd4 Nf6 6. Nc3 Bb4 7. e5 Nd5 8. Bd2 Nxc3 9. Bxc3 0-0 10. Bd3 d6 11. Qc2 g6 12. 0-0 Bxc3 13. bxc3 dxe5 14. dxe5 b6 15. Rad1 Qc7 16. Rfe1 Bb7 17. Nd2 Nxe5 18. Ne4 Bxe4 19. Bxe4 Rad8 20. Rxd8 Rxd8 21. Rd1 Rxd1+ 22. Qxd1 Qxc3 23. Qd8+ Kg7 24. g3 Qe1+ 25. Kg2 Qxe4+ 26. f3 Qxf3+ 27. Kh3 Qf1+ 28. Kh4 h6 29. Qd4 g5+ 30. Kh5 Qh3+ 31. Qh4 gxh4 32. a4 0-1

[Event "Cappelle Online Rapid op"]
[Site "Europe Echecs INT"]
[Date "2021.03.06"]
[Round "8"]
[White "Roumegous, Adrien"]
[Black "Gilles, Francois"]
[Result "0-1"]
[WhiteElo "1330"]
[BlackElo "1637"]
[PlyCount "125"]
[EventDate "2021.03.06"]
[EventType "swiss (rapid)"]
[EventRounds "9"]
[EventCountry "FRA"]
[SourceTitle "CBM 201 Extra"]
[Source "ChessBase"]
[SourceDate "2021.05.31"]
[SourceVersion "1"]
[SourceVersionDate "2021.05.31"]
[SourceQuality "1"]

1. e4 Nf6 2. e5 Nd5 3. d4 d6 4. c4 Nb6 5. exd6 exd6 6. Nf3 Be7 7. Be2 Bf5 8. Nc3 Nc6 9. a3 0-0 10. 0-0 Bf6 11. b4 h6 12. d5 Bxc3 13. Rb1 Ne5 14. Rb3 Nxf3+ 15. Bxf3 Be5 16. Bg4 Qh4 17. Bh3 Bxh3 18. Rxh3 Qf6 19. Qg4 Qg6 20. Qf3 f5 21. Re1 Rae8 22. Re3 Nxc4 23. Rb3 Qf6 24. Qh5 f4 25. Rbf3 Bb2 26. Be3 Nxe3 27. fxe3 Rxe3 28. Qg4 Bd4 29. Kf1 Rxf3+ 30. Rxf3 Qg5 31. Qe6+ Kh7 32. Qe4+ Qf5 33. Qxd4 Qe5 34. Qd3+ Kg8 35. Qd2 Rf5 36. Kf2 Qxd5 37. Qxd5+ Rxd5 38. Rxf4 Rd3 39. a4 c6 40. h3 b6 41. Rc4 c5 42. bxc5 dxc5 43. Ke2 Ra3 44. h4 Kh7 45. g4 Rg3 46. Kf2 Rd3 47. a5 Rd4 48. Rxd4 cxd4 49. axb6 axb6 50. Ke2 Kg6 51. Kd3 Kf6 52. Kxd4 Ke6 53. Kc4 Ke5 54. Kb5 Kf4 55. g5 hxg5 56. hxg5 Kxg5 57. Kxb6 Kf4 58. Kc5 g5 59. Kd4 Kf3 60. Kd3 g4 61. Kd2 Kf2 62. Kd3 g3 63. Ke4 0-1

[Event "Cappelle Online Rapid op"]
[Site "Europe Echecs INT"]
[Date "2021.03.06"]
[Round "3"]
[White "Roumegous, Adrien"]
[Black "Grabowski, Marek"]
[Result "1-0"]
[WhiteElo "1330"]
[BlackElo "1827"]
[PlyCount "47"]
[EventDate "2021.03.06"]
[EventType "swiss (rapid)"]
[EventRounds "9"]
[EventCountry "FRA"]
[SourceTitle "CBM 201 Extra"]
[Source "ChessBase"]
[SourceDate "2021.05.31"]
[SourceVersion "1"]
[SourceVersionDate "2021.05.31"]
[SourceQuality "1"]

1. e4 Nc6 2. d4 e5 3. Nf3 exd4 4. Nxd4 Bc5 5. Be3 Bb6 6. Nc3 d6 7. Bc4 Nf6 8. Nxc6 bxc6 9. Qd2 Nxe4 10. Nxe4 d5 11. Ng5 h6 12. Nf3 dxc4 13. Qxd8+ Kxd8 14. Ne5 Be6 15. Nxc6+ Kd7 16. Ne5+ Ke7 17. Bf4 g5 18. Bd2 Kf6 19. Bc3 Ke7 20. Nc6+ Kd7 21. Bxh8 Rxh8 22. Ne5+ Ke7 23. 0-0-0 f6 24. Ng6+ 1-0